| 000 | 00590nam a22001937a 4500 | ||
|---|---|---|---|
| 999 |
_c15176 _d15176 |
||
| 003 | AR-CdUCM | ||
| 008 | 190426b ||||| |||| 00| 0 spa d | ||
| 020 | _a978-612-305-039-9 | ||
| 040 |
_aMUNICIPALIDAD PROVINCIAL DEL CUSCO _cBIBLIOTECA MUNICIPAL DEL CUSCO |
||
| 082 |
_24ed. _aPI / 813 / _bB85 |
||
| 100 |
_aBryce Echenique, Alfredo _97372 |
||
| 245 | _aGoig / | ||
| 260 |
_aLima : _bPeisa, _c2014. |
||
| 300 |
_a30 páginas ; _bIlustraciones, _c25 cm. |
||
| 650 |
_aLiteratura infantil _9588 |
||
| 700 |
_aDueñas, Ana María _934203 |
||
| 942 |
_2ddc _cLIBROS |
||
| 945 |
_aacv _d2019-04-26 |
||